000 00391nam a22001577a 4500
005 20180730145356.0
008 160514b xxu||||| |||| 00| 0 eng d
041 _aeng
082 _b2348
_a658.16
100 _a Chopra,R.K.
_94584
245 _aOrganizational Behavior: text and cases
260 _bSun India Publication
_c2006
300 _a544p,
650 _aManagement
_9241
942 _cBK
999 _c845
_d845